Bohuš Hlavatý, generálny riaditeľ TMR: Sami si nevystačíme

Rozhovor s generálnym riaditeľom najväčšieho subjektu cestovného ruchu v strednej Európe, Tatry mountains resort, a. s. Príprava na zimnú sezónu. Investície do lyžovania a doplnkových služieb. Akvizície v zahraničí. Skúmanie štandardov kvality. Spolupráca v rámci OOCR. Vysoká DPH. Hľadanie možných r...

Descrizione completa

Salvato in:
Dettagli Bibliografici
Autore principale: Kramárová, Zlatica
Altri autori: Hlavatý, Bohuš
Natura: Capitolo di libro
Lingua:slovacco
Soggetti:
Tags: Aggiungi Tag
Nessun Tag, puoi essere il primo ad aggiungerne!!

MARC

LEADER 00000naa a2200000 4500
001 0195509
005 20231011130030.7
041 0 |a slo 
044 |a SK 
245 1 0 |a Bohuš Hlavatý, generálny riaditeľ TMR: Sami si nevystačíme  |c Zlatica Kramárová, Bohuš Hlavatý 
520 |a Rozhovor s generálnym riaditeľom najväčšieho subjektu cestovného ruchu v strednej Európe, Tatry mountains resort, a. s. Príprava na zimnú sezónu. Investície do lyžovania a doplnkových služieb. Akvizície v zahraničí. Skúmanie štandardov kvality. Spolupráca v rámci OOCR. Vysoká DPH. Hľadanie možných riešení. 
610 2 0 |a ruch cestovný 
610 2 0 |a služby 
610 2 0 |a kvalita 
610 2 0 |a riadenie 
610 2 0 |a spoločnosti akciové 
610 2 0 |a akvizícia 
100 1 |a Kramárová, Zlatica 
700 1 |a Hlavatý, Bohuš